000 00683nam a2200241Ia 4500
003 OSt
005 20220918231053.0
006 a|||||r|||| 00| 0
007 ta
008 220917b |||||||| |||| 00| 0 eng d
024 _a262,932
037 _cTextual
040 _aARTS
_cARTS
_beng
041 _2eng
_aeng
082 _aP((Y).231, M6
100 _aK. S. Rajayashree
_9153754
245 0 _aEthnol inguistic survey of Dharavi
_b A slum in Bombay
260 _aMysore
_bCentral Institute of Indian Languages India
_c1986
300 _a159p.
_ccm.
650 _aLINGUISTICS
942 _hP((Y).231, M6
_cTEXL
_2CC
999 _c289757
_d289757